00399nam a2200145Ia 4500008004100000020001800041082001600059100001600075245006000091250000600151260003900157300001700196500002400213650001600237230524s9999 xx 000 0 und d a9788190694216 aTK6575bRAJ aG.S.N. Raju 0aRadar Engineering and Fundamentals of Navigational Aids a1 aNew DelhibI.K.Internationalc2013 a"XXIV,443p;" aQuantity Number: 1 aElectronics